| 000 | 00854nam a22001817a 4500 | ||
|---|---|---|---|
| 003 | OSt | ||
| 005 | 20251208145105.0 | ||
| 008 | 251208b |||||||| |||| 00| 0 eng d | ||
| 040 | _cDCL | ||
| 082 | _a၂၉၄.၃၈၂၄ | ||
| 100 | 0 | _aလယ်တီဆရာတော်ဘုရားကြီး။ | |
| 245 | 1 | 0 |
_aနိဗ္ဗာနဒီပနီနှင့် နိဗ္ဗာနဝသဇ္ဇနာကျမ်း / _cလယ်တီဆရာတော်ဘုရားကြီး။ |
| 250 | _aဒုတိယအကြိမ်။ | ||
| 264 |
_aရန်ကုန် ၊ _bလင်းဇင်းစာအုပ်တိုက်၊ _c၂၀၀၈။ |
||
| 300 |
_a၂၀၈ စာမျက်နှာ ၊ _c၂၂ စင်တီ။ |
||
| 650 | _aနိဗ္ဗာန် | ||
| 942 |
_2ddc _cSHORT TERM _n0 |
||
| 999 |
_c2678 _d2678 |
||